| 000 | 01159 a2200229 4500 | ||
|---|---|---|---|
| 001 | 29442 | ||
| 005 | 20260407155604.0 | ||
| 008 | 260407a1998 arg spa d | ||
| 003 | AR-UNSa-BCEJYS | ||
| 040 |
_aAR-UNSa-BCEJYS _bspa _cAR-UNSa-BCEJYS |
||
| 080 |
_a336.225 _xMétodo de tributación y administración de impuestos |
||
| 245 | 1 | 0 | _aDeterminación de oficio |
| 250 | _a2a. ed. | ||
| 264 | 1 |
_aBuenos Aires : _bEdiciones Nueva Técnica _c1998 |
|
| 300 |
_a104 p. _c28 cm. |
||
| 505 | _a1. Concepto - 2. Modalidades - 3. Casos en que procede - 4. Procedimiento - 5. Procedimientos - 6. Caducidad de instancia - 7. Liquidación admnistrativa - 8. Presunciones - 9. Resolución administrativa - 10. Efectos de la determinación de oficio - 11. La determinación de oficio y el régimen penal tributario y previsional de la ley 24769 - 12. Propuestas de la doctrina tendientes a mejorar el procedimiento de determinación de oficio - 13. Clásica y novedosa jurisprudencia sobre la determinación de oficio | ||
| 041 | _aspa | ||
| 942 | _cBK | ||
| 590 | _aniveau_biblio:m niveau_hierar:0 | ||
| 100 | 1 | _aGómez, Teresa | |
| 700 | 1 | _aFolco, Carlos Maria | |
| 999 |
_c1867 _d1867 |
||